Регионална библиотека "Любен Каравелов" - Русе

Речник на счетоводните термини (Запис номер 28828)

MARC детайли
000 -Лидер
Контролно поле с фиксирана дължина 01215nam a2200313 c 4500
003 - Код на организацията, давaща контролен номер
Контролно поле BLK
005 - Дата и час на последна редакция
Контролно поле 20180420220244.0
008 - Елементи от данни с фиксирана дължина
fixed length control field 180407b bul|||||r ||||||| ||bul||
010 ## - Наследен системен номер
LC control number KNG00031428000
040 ## - Източник на каталожния запис
Идентификатор на билиотеката - собственик на записа BLK
041 ## - Код за език
Код за езика на текст/звукозапис или на отделно заглавие Български
Код за езика КДБФ Български
080 ## - УДК
Текстов определител УДК Счетоводство. Счетоводни системи и операции, водене на сметките, журнал-ордер и др.
УДК код - определител по УДК 657
УДК определител (038.1)
УДК - код + определител 657(038.1)
100 1# - Редна дума - Автор
Автор Бонев, Живко Бонев
Авторска отговорност първи автор
R(LIN) 248799
139 ## - Редно поле
Редна дума Бонев, Живко Бонев
Авторски знак Бон - Б 62
245 10 - Сведения за заглавието
Заглавие Речник на счетоводните термини
Подзаглавни данни 1120 термина
Редно поле (дума) Живко Бонев Бонев.
257 ## - Страна на издаване
Страна на създаване/издаване България
260 ## - Област на издателските данни
-- София
Име на издателя, разпространителя и проч. Делова Седмица Консулт
Година на издаване 2000
300 ## - Физическа характеристика
Страници 212 с.
Размери/Мащаб 20 см
380 ## - Жанр
Жанр Обществени науки
500 ## - Общи забележки
Забележка 5 000 тир.
650 #4 - Допълнително описание по предмет – тема
Основно описание – тема или топоним Счетоводство - терминология - речници
9 (RLIN) 269960
653 ## - Ключова дума – ненормативна
Ключова дума счетоводство
653 ## - Ключова дума – ненормативна
Ключова дума терминологични речници
852 ## - Местоположение
Форматна сигнатура Цб 204201
856 4# - Електронен адрес и достъп
Електронен формат pdf - файл
Път до файла /url/
856 4# - Електронен адрес и достъп
Електронен формат pdf - файл
Път до файла /url/
942 ## - АРТИКУЛИ
Вид на библиотечния материал Книги
Скрит в OPAC Не
944 ## - СЪЗДАВАНЕ И РЕДАКЦИЯ на ЗАПИСА
Създаване/Редакция Създаване
Дата на регистрацията/редакция 15.01.2003
Служител, извършил регистрацията/редакцията Диана_Димитрова
944 ## - СЪЗДАВАНЕ И РЕДАКЦИЯ на ЗАПИСА
Създаване/Редакция Редакция
Дата на регистрацията/редакция 06.02.2013
Служител, извършил регистрацията/редакцията
999 ## - СИСТЕМНИ КОНТРОЛНИ НОМЕРА
Koha biblionumber 28828
Koha biblioitemnumber 28828
Наличности
Код за отписване Код за изгубен артикул Източник на класификационната схема Код за повреда Коз за рестрикции Код за отдаване Артикулен № Име на библиотеката - собственик Име на библиотеката, в която се намира в момента Статус (Текущо местоположение) Дата на вписване в системата Местоположение - отдел Цена в лева Инвентарен номер Систематично азбучна сигнатура Баркод Номер на екземпляра Цена в евро Служебна бележка Служебен тип на артикула
  Не е изгубен Universal Decimal Classification Не е повреден без рестрикции ползва се в читалня 46233 Регионална библиотека "Любен Каравелов" Русе Регионална библиотека "Любен Каравелов" Русе Хранилище 2001-01-01 Хранилище 0.00 654886 Цб 204201 120000654886 1 0.00 Дост: Dp Вид: Д N: стар фонд Дата: 01.01.2000 Книги
  Не е изгубен Universal Decimal Classification Не е повреден без рестрикции ползва се в читалня 46234 Регионална библиотека "Любен Каравелов" Русе Регионална библиотека "Любен Каравелов" Русе Читалня - справочен фонд 2001-01-01 Читалня 3.00 661540 СЧ 657/Б 62 120000661540 2 1.53 Дост: DA Вид: А N: стар фонд Дата: 01.01.2000 Дата инв: 30.03.2017 Бележки инв: СЧ2017 Книги
Vip Innovations Ltd, Rousse, Bulgaria 2025